مكتبة جامعة عجلون الوطنية

فهرس بحث المكتبة

Normal view MARC view
  • إعداد المكتب الفني بادارة ابراهيم أبورحمة، نقابة المحامين

Entry Personal Name

Number of records used in: 1

001 - CONTROL NUMBER

  • control field: 47220

003 - CONTROL NUMBER IDENTIFIER

  • control field: JO-AjAnu

005 - DATE AND TIME OF LATEST TRANSACTION

  • control field: 20230606081810.0

008 - FIXED-LENGTH DATA ELEMENTS

  • fixed length control field: 230606|| aca||aabn | a|a d

040 ## - CATALOGING SOURCE

  • Original cataloging agency: JO-AjAnu
  • Transcribing agency: JO-AjAnu

100 ## - HEADING--PERSONAL NAME

  • Personal name: إعداد المكتب الفني بادارة ابراهيم أبورحمة، نقابة المحامين

670 ## - SOURCE DATA FOUND

  • Source citation: Work cat.: (JO-AjAnu)24166: إعداد المكتب الفني بادارة ابراهيم أبورحمة، نقابة المحامين, author, قانون أصول المحاكمات المدنية رقم (24) لسنة 1988 وقانون محاكم الصلح رقم (15) لسنة 1952 في صيغتة المعدلة بموجب القانون رقم 25 لسنة 1988